Filosofía cómica : (Record no. 95139)

MARC details
000 -LEADER
campo de control de longitud fija 00910nam a2200229 i 4500
001 - NÚMERO DE CONTROL
campo de control 95139
003 - IDENTIFICADOR DE NÚMERO DE CONTROL
campo de control ES-MaACL
005 - FECHA Y HORA DE LA ÚLTIMA TRANSACCIÓN
campo de control 20250524180310.0
007 - CAMPO FIJO DE DESCRIPCIÓN FÍSICA--INFORMACIÓN GENERAL
campo de control de longitud fija t|
008 - DATOS DE LONGITUD FIJA--INFORMACIÓN GENERAL
campo de control de longitud fija 050523s1914 sp ||||1| spa d
080 ## - NÚMERO DE LA CLASIFICACIÓN DECIMAL UNIVERSAL
Número de la Clasificación Decimal Universal 821.134.2-31"18"
100 1# - ENTRADA PRINCIPAL--NOMBRE DE PERSONA
Nombre de persona Luque, Fernando.
9 (RLIN) 74813
245 10 - MENCIÓN DEL TÍTULO
Título Filosofía cómica :
Resto del título ¿y la cabeza de Policleto?, el doctor Mínguez y su conciencia, un acto del drama de la vida, Haschich /
Mención de responsabilidad, etc. Fernando Luque ; comentarios de Schopenhauer y Luis de Tapia ; dibujos de Tovar ... [et al.].
260 ## - PUBLICACIÓN, DISTRIBUCIÓN, ETC.
Lugar de publicación, distribución, etc. Madrid :
Nombre del editor, distribuidor, etc. [s.n.],
Fecha de publicación, distribución, etc. 1914 (
Fabricante Imp. Hispano-Alemana)
300 ## - DESCRIPCIÓN FÍSICA
Extensión 227 p. :
Otras características físicas il. ;
Dimensiones 19 cm.
650 #4 - PUNTO DE ACCESO ADICIONAL DE MATERIA--TÉRMINO DE MATERIA
Término de materia o nombre geográfico como elemento de entrada Filosofía-
Subdivisión de forma Obras satíricas y humorísticas.
9 (RLIN) 12820
700 1# - ENTRADA AGREGADA--NOMBRE PERSONAL
Nombre de persona Schopenhauer, Arthur,
Fechas asociadas al nombre 1788-1860
9 (RLIN) 240710
700 1# - ENTRADA AGREGADA--NOMBRE PERSONAL
Nombre de persona Tapia, Luis de,
Fechas asociadas al nombre 1871-1937
9 (RLIN) 109228
700 0# - ENTRADA AGREGADA--NOMBRE PERSONAL
Nombre de persona Tovar
Títulos y otros términos asociados al nombre , ilustrador.
9 (RLIN) 157378
852 ## - LOCALIZACIÓN
Ubicación ES-MaACL
Número de control de estantería D-673
Holdings
Estatus retirado Estado de pérdida Estado de daño No para préstamo Biblioteca de origen Biblioteca actual Ubicación en estantería Fecha de adquisición Fuente de adquisición Total de préstamos Signatura topográfica completa Código de barras Visto por última vez Precio de reemplazo Tipo de ítem Koha
        Biblioteca del Ateneo de Madrid Biblioteca del Ateneo de Madrid Sala Valle Inclán 17/01/2008     D-673 901099350 23/02/2023 23/02/2023 Libro impreso